Who was who in Egyptology /

محفوظ في:

المؤلفون الرئيسيون: Dawson, Warren R. 1888-1968 (مؤلف), Bierbrier, M. L. (المحرر)

التنسيق: كتاب

اللغة: English

منشور في: London : The Egypt Exploration Society, [2019].

الطبعة: Fifth revised edition /

الموضوعات:

الوسوم: إضافة وسم

لا توجد وسوم, كن أول من يضع وسما على هذه التسجيلة!

رقم الطلب: (REF)DT58 .D3 2019

LEADER 00778nam a22002177a 4500
003 OSt
005 20251230081859.0
008 251230t2019 enka bd 000 0ceng d
020 |a 9780856982422  |q hardcover 
050 1 4 |a (REF)DT58  |b .D3 2019 
100 1 |a Dawson, Warren R.   |q (Warren Royal),   |d 1888-1968,   |e author.  
245 1 0 |a Who was who in Egyptology /  |c Morris L. Bierbrier. 
250 |a Fifth revised edition /  |b by Morris L. Bierbrier. 
264 1 |a London :   |b The Egypt Exploration Society,   |c [2019]. 
300 |a xxii, 510 pages :   |b illustrations ;   |c 23 cm. 
504 |a Includes bibliographical references. 
650 0 |a Egyptologists  |v Biography  |v Dictionaries. 
700 1 |a Bierbrier, M. L.,   |e author,   |e editor. 
901 |a reviewed 
942 |2 lcc  |c BK 
999 |c 49650  |d 49650